Základní křesťanská poradna /

Hlavní autor: Kuneš, Pavel, 1937-
Jazyk: Čeština
Vydáno: Kostelní Vydří : Karmelitánské nakladatelství, 2004
Vydání: Vyd. 2, v KN 1.
Témata:
Externí odkaz: Digitalizovaný dokument
Fyzický popis: 126 s. : il. ; 21 cm
Knihy
Uloženo v:
LEADER 01724nam a2200445 a 4500
001 000748015
003 CZ BrMZK
005 20061024110919.0
007 ta
008 041105s2004 xr a crp 000 0 cze d
015 |a cnb001416163 
020 |a 80-7192-907-7  |q (brož.) :  |c Kč 99,00 
035 |a (OCoLC)85119089 
040 |a BOA001  |b cze 
072 7 |a 821-93  |x Literatura pro děti a mládež (beletrie)  |2 Konspekt  |9 26 
072 7 |a 27  |x Křesťanství. Křesťanská církev všeobecně. Eklesiologie  |2 Konspekt  |9 5 
080 |a 27-184.3  |2 MRF 
080 |a 27-1/-9  |2 MRF 
080 |a 27-4  |2 MRF 
080 |a 27-47  |2 MRF 
080 |a (0.062)  |2 MRF 
080 |a (0.053.2)  |2 MRF 
080 |a (0:82-252)  |2 MRF 
100 1 |a Kuneš, Pavel,  |d 1937-  |7 skuk0000734  |4 aut 
245 1 0 |a Základní křesťanská poradna /  |c Pavel Kuneš 
250 |a Vyd. 2, v KN 1. 
260 |a Kostelní Vydří :  |b Karmelitánské nakladatelství,  |c 2004 
300 |a 126 s. :  |b il. ;  |c 21 cm 
500 |a Dostupné též v digitální podobě v aplikaci Kramerius 
650 0 7 |a křesťanská víra  |7 ph122113  |2 czenas 
650 0 7 |a křesťanské učení  |7 ph122129  |2 czenas 
650 0 7 |a křesťanský život  |7 ph122132  |2 czenas 
650 0 7 |a křesťanská výchova  |7 ph122115  |2 czenas 
655 7 |a populárně-naučné publikace  |7 fd131864  |2 czenas 
655 7 |a publikace pro děti  |7 fd133156  |2 czenas 
655 7 |a čtenářské hry  |7 fd133978  |2 czenas 
856 4 1 |u http://www.digitalniknihovna.cz/mzk/uuid/uuid:6b9bfe90-1921-11e7-96ce-005056827e51  |y Digitalizovaný dokument  |x NDK 
910 |a BOA001  |b 2-1142.188 
990 |a BK 
996 6 |b 2610232896  |c 2-1142.188  |l MZK  |r Sklad / do 1 hodiny  |n 1  |p p.v.  |w 000748015  |u 000010  |a 1  |e BOA001  |j MZK50  |s P